Getafe CF Squad 2022-2023 - Statistics

General Stats
  • This quiz has been taken 127 times
    80 since last reset
  • The average score is 19 of 27
Answer Stats
# Position Nation Player % Correct
10 FW Turkey Enes Ünal
97%
2 DF Togo Djené Dakonam
93%
19 FW Spain Borja Mayoral
90%
13 GK Spain David Soria
90%
22 DF Uruguay Damián Suárez
83%
15 DF Paraguay Omar Alderete
83%
5 MF Spain Luis Milla
79%
17 FW Morocco Munir El Haddadi
79%
20 MF Serbia Nemanja Maksimović
79%
6 DF Portugal Domingos Duarte
76%
- Coach Spain José Bordalás
76%
18 MF Uruguay Mauro Arambarri
76%
11 MF Spain Carles Aleñá
72%
7 FW Spain Jaime Mata
72%
4 DF Uruguay Gastón Álvarez
69%
- Coach Spain Quique Sánchez Flores
69%
23 DF Serbia Stefan Mitrović
66%
3 DF Argentina Fabrizio Angileri
62%
21 DF Spain Juan Iglesias
62%
14 FW Spain Juanmi Latasa
59%
9 FW Spain Portu
55%
12 DF France Jordan Amavi
52%
24 MF Spain Gonzalo Villar
48%
8 MF Spain Jaime Seoane
48%
16 MF Spain Ángel Algobia
45%
1 GK Spain Kiko Casilla
45%
27 GK Spain Diego Conde
41%
No matching quizzes found
Score Distribution
Percent of People with Each Score
Percentile by Number Answered
Your Score History
You have not taken this quiz since the last reset